=LDR 00000nam 2200000 4500 =001 INLIS000000000013896 =005 20130612105221 =008 ***********************************Ind** =035 ##$$0010-061300000013896 =041 ##$$a Ind =082 ##$$a 615.882 =090 ##$$a 615.882, Mur t =100 ##$$a Mursito, Bambang =245 ##$$a Tampil percaya diri dengan ramuan tradisional, Drs.Bambang Mursito, Apt, M.Si =260 ##$$a 2004 $b (s.l) =300 ##$$a 124 hlm, Ilus, 21 cm =650 ##$$a Obat tradisional =850 ##$$a NBPNMAT